000 00265nam a2200121 a 4500
008 090929s |||| d
100 1 _aBrinková,C.R.
245 1 0 _aCaddie
260 _bMladé letá
_aBratislava
041 _aslo
044 _axo
_cSK
080 _a820/087.5/
999 _c7
_d7